000 00423nam a22001697a 4500
003 UA-OsUOA
001 6044
007 ta
008 20050721b un ||||| |||| 00| 0 ukr d
100 _aШеремета
700 _aО. М.
942 _cBK
040 _aUA-OsUOA
_cUA-OsUOA
_dUA-OsUOA
245 _aКонтекст та значення слова (на прикл. тв.)...
_bSA Paper
955 _a2
650 7 _2UDC
999 _c292206
_d292206